| 000 | 00863cam a2200241 a 4500 | ||
|---|---|---|---|
| 005 | 20250821142654.0 | ||
| 008 | 180815s2017 ck gr 000 0dspa | ||
| 015 | _ack-2017-xxxx | ||
| 020 | _a978-958-8590-63-9 | ||
| 040 |
_aCO-CtgCURN _bspa _ccoctgcurn |
||
| 082 | 0 | 4 |
_a371.102 _bR486 _223 |
| 100 | 1 | _aRibón Badillo, Eduardo Santos. | |
| 245 | 1 | 0 |
_aEducar, tarea de todos los días : _breflexiones para educadores / _cEduardo Santos Ribón Badillo. |
| 250 | _a1a. ed. | ||
| 260 |
_aCartagena de Indias : _bUniversidad de San Buenaventura, _c2017. |
||
| 300 |
_a165 p. ; _c24 cm. |
||
| 500 | _aIncluye datos biográficos del autor. | ||
| 596 | _a7 | ||
| 650 | 1 | 4 |
_aPedagogía _xPrática profesional. |
| 650 | 2 | 4 | _aEducación como profesión. |
| 942 |
_2ddc _cCTG _h371.102 _iR486 |
||
| 999 |
_c49438 _d49438 _x1 |
||